000 01257nam a22002654a 4500
001 UTEA
005 20250610144757.0
006 g||||gr||||||01 nz
007 ta
008 250610b es ||||| |||| 00| 0 spa d
040 _aUTEA
041 _aspa
082 _a230.003
_bF43 1986
100 _aFerrer, Urbano
_eAutor
245 _aTemas de Doctrina Social Cristiana /
_cUrbano Ferrer
_h[Texto Impreso]
250 _a1ra. edición
260 _aMurcia - España;
_bFmento de Centros de Enseñanza;
_c1986
300 _a78 páginas;
_c25 x 16 cm.
505 _aValoración crítica de nuestra sociedad -- Importancia y actualidad de la Doctrina Social de la Iglesia -- la dignidad de la persona humana, fundamento de la doctrina social -- Historia de los derechos fundamentales del hombre -- Naturaleza social del hombre -- El fin de la sociedad: el bien común -- La virtud de la justicia: la justicia social -- Familia y sociedad -- Trabajo y sociedad -- las asociaciones en el mundo del trabajo -- propiedad privada y sociedad -- la educación y la sociedad.
650 _aDIGNIDAD
_958939
650 _aJUSTICIA
_91812
650 _aVIRTUD
_958940
650 _aBIEN COMUN
_958941
942 _2ddc
_cBK
_e2025-06-10
_zMag. Cecilio Flores Noa
999 _c17125
_d17125